| 000 | 00448 a2200145 4500 | ||
|---|---|---|---|
| 005 | 20250711100326.0 | ||
| 020 | _a978-9966-25-046-9 | ||
| 082 | _a657.48 ATC | ||
| 111 | _aATC | ||
| 245 | _aATC Study Text Introduction to Financial Accounting, Paper no 1. | ||
| 260 |
_aKenya, _bBR Professional Education, _c2012. |
||
| 300 |
_axii, 208p.: ill.; _bGlossary _c29cm |
||
| 856 |
_yAccess Online Book _fFinancial Accounting _dwww.br.co.ke |
||
| 942 |
_2ddc _cBKS |
||
| 999 |
_c6666 _d6666 |
||